000 01057nam a2200241 i 4500
001 49114
003 ES-MaACL
005 20251114120808.0
007 t|
008 030708s1972 sp ||||1| spa d
080 _a347.9(460)
245 0 0 _aCorrección y actualización de la Ley de enjuiciamiento civil.
_nI /
_c[Leonardo Prieto-Castro y Ferrándiz, Eduardo Gutiérrez de Cabiedes, José Almagro Nosete ... et al.].
260 _aMadrid :
_bTecnos,
_c1972.
300 _a1 v. (322 p.) ;
_c25 cm.
505 8 _aContiene: I. Exposición general de motivos. Parte Primera - Libro único. Disposiciones comunes a la jurisdicción contenciosa y a la voluntaria
594 _aPrecede al tít.: Profesores de Derecho Procesal de las Universidades Españolas.
650 4 _aProcedimiento civil-
_zEspaña.
_916420
700 0 _aPrieto-Castro y Ferrándiz, Leonardo
_993919
700 1 _aGutiérrez de Cabiedes y Fernández de Heredia, Eduardo.
_961114
700 1 _aAlmagro Nosete, José.
_920079
852 4 _aES-MaACL
_jP-1623
999 _c49114
_d49114